000
00366nam a2200169Ia 4500
100
_a
Bhatia/M.L
250
_a
11
490
_v
3
942
_c
BK
654
_a
Electronics
245
_a
A Text book of Engineering Mathematics Vol 3
260
_b
Everest Pub.House
_a
Pune
_c
1997
082
_a
519
_b
BHA
300
_a
471
546
_a
ENGLISH
999
_c
31964
_d
31964